| 000 | 00829cam a22002413a 4500 | ||
|---|---|---|---|
| 001 | 4059 | ||
| 003 | PGUSA | ||
| 005 | 20140828083048.0 | ||
| 008 | 030501s2003||||xxu|||||s|||||000 e eng d | ||
| 040 |
_aPGUSA _beng |
||
| 042 | _adc | ||
| 050 | 4 | _aPR | |
| 100 | 1 |
_aPater, Walter, _d1839-1894 |
|
| 245 | 1 | 0 |
_aMiscellaneous Studies; a series of essays _h[electronic resource] / _cWalter Pater |
| 260 |
_bProject Gutenberg, _c2003 |
||
| 505 | 0 | _aProsper Mérimée -- Raphael -- Pascal -- Art notes in north Italy -- Notre-Dame d'Amiens -- Vézelay -- Apollo in Picardy -- The child in the house -- Emerald Uthwart -- Diaphaneitè. | |
| 506 | _aPublic domain in the USA. | ||
| 516 | _aElectronic text | ||
| 653 | _aEssays | ||
| 830 | 0 |
_aProject Gutenberg _v4059 |
|
| 856 | 4 | 0 | _uhttp://www.gutenberg.org/ebooks/4059 |
| 942 | _cEB | ||
| 999 |
_c233388 _d233388 |
||